Efecto del gen Rht-B1 y genes determinantes de la fecha de espigazón/floración sobre la altura de planta, largo del pedúnculo y número de espigas m2 en germoplasma diverso de trigo candeal (Triticum turgidum var durum) /
Guardado en:
| Autor Principal: | |
|---|---|
| Autor Corporativo: | |
| Otros Autores: | |
| Formato: | Libro |
| Idioma: | Spanish |
| Publicado: |
Bahía Blanca,
2018.
|
| Materias: | |
| Etiquetas: |
Agregar Etiqueta
Sin Etiquetas, Sea el primero en etiquetar este registro!
|
| LEADER | 00914nam a22001815a 4500 | ||
|---|---|---|---|
| 001 | EEA.libagro010977 | ||
| 008 | 180507s2018####ag############000#0#spa#d | ||
| 005 | 20211203084826.0 | ||
| 245 | 1 | 0 | |a Efecto del gen Rht-B1 y genes determinantes de la fecha de espigazón/floración sobre la altura de planta, largo del pedúnculo y número de espigas m2 en germoplasma diverso de trigo candeal (Triticum turgidum var durum) / |c Bruno Ricardo Zaffora. |
| 260 | |a Bahía Blanca, |c 2018. | ||
| 300 | |a 42 h. : |b il. col. ; |c 30 cm. | ||
| 500 | |a Trabajo de intensificación (Ingeniero Agrónomo) -- Universidad Nacional del Sur. Departamento de Agronomía, 2018. | ||
| 100 | 1 | |a Zaffora, Bruno Ricardo. | |
| 700 | 1 | |a Roncallo, Pablo Federico, |e tutor. | |
| 710 | 2 | |a Universidad Nacional del Sur. |b Departamento de Agronomía. | |
| 082 | 0 | 4 | |a 633.11 |
| 650 | 7 | |a Triticum turgidum |2 agrovoc | |
| 859 | |a AR-BbBCA |b BIB. AGRONOMIA |h 633.11 |i Z17 |p 2018/6910 | ||
